| 000 | 00796nam a2200253Ia 4500 | ||
|---|---|---|---|
| 003 | GCL | ||
| 008 | 140319s9999 xx 000 0 ara d | ||
| 040 |
_aGCL / _cGCL |
||
| 082 | 0 | 4 |
_a309.62 _bم ح |
| 100 | 1 | _aعبدالحميد الدراخلى | |
| 245 | 1 | 0 |
_aالحياه اليومية فى مصر عهد الرعامسة / _cعبدالحميد الدراخلى |
| 700 | 1 | _aمونتيه, بيير | |
| 700 | 1 | _aعزيز مرقص منصور | |
| 300 | _a509 ص | ||
| 490 |
_a100 قصة _v0 |
||
| 650 | 0 | 4 | _aالاحوال الاجتماعية |
| 650 | 0 | 4 | _aالزواج |
| 650 | 0 | 4 | _aالحضارة الفرعونية |
| 650 | 0 | 4 | _aالمساكن |
| 650 | 0 | 4 | _aالحرف اليدوية |
| 650 | 0 | 4 | _aالاثاث |
| 650 | 0 | 4 | _aالاعمال المنزلية |
| 942 |
_2ddc _cBK |
||
| 999 |
_c46763 _d46763 |
||